00491nam a2200133Ia 4500999001500000008004100015100001700056245002100073260003900094300000800133650001800141942001200159952018600171 c6778d6778191201s2016 xx 000 0 und d aQUINN, Jason 0aBeautiful Game  bKALYANI NAVYUG MEDIA PVT LTDc2016 a154 aGeneral Books 2ddccBK 00102ddc40708GENERALaPIETbPIETd2020-07-21eKalyani Nav yug Media Pvt Ltd.g350.00k271l0o796.334 QUBp30308r2019-12-04 00:00:00v192.50w2018-08-31yBKzStories and Novels